000 00748cam a22002531 4500
001 9342174
003 GBCCL
005 20241126110411.0
008 770822s1957 miu 000 0 eng
010 _a 57006670
035 _a(OCoLC)3208703
040 _aDLC
_cMiGrC
_dDLC
042 _apremarc
050 0 0 _aBX9410
_b.D4
082 _a261.8
_bBOE
100 1 _aDe Boer, Cecil.
_93926
245 1 0 _aResponsible Protestantism;
_bessays on the Christian's role in a secular society.
260 _aGrand Rapids,
_bEerdmans
_c[1957]
300 _a247 p.
_c23 cm.
650 0 _aReformed Church.
_92526
650 0 _aChurch and social problems
_xReformed Church.
_93927
906 _a7
_bcbc
_coclcrpl
_du
_encip
_f19
_gy-gencatlg
942 _2ddc
_cBK
_01
999 _c1880
_d1880